000 00698nam a22002297a 4500
003 BUBTL
008 240212b ||||| |||| 00| 0 eng d
020 _a9788120343146
041 _aeng
082 _a658/ M1781b/ 2023
100 _95678
_aMcGrath, E.H.
245 _aBasic managerial skills for all /
_cE.H. McGrath
250 _a9th ed
260 _aDelhi:
_bPHI Learning Private Limited
_cc2023
300 _axxiii, 812 p. :
_c24 cm.
505 _aBasic managerial skills for all, How to Read, How to Write, How to Learn, How to Speak
526 _aManagement
650 0 _939
_aManagement
856 _k0
_l0
_yDownload
942 _2ddc
_cBK
999 _c7217
_d7217